Instrucción para los alumnos de las facultades de medicina que aspiren a las plazas pensionadas por el Ministerio de Marina de que trata la real orden de esta fecha. (Record no. 168325)

MARC details
000 -LEADER
campo de control de longitud fija 00572nam a2200133 i 4500
001 - NÚMERO DE CONTROL
campo de control 168325
003 - IDENTIFICADOR DE NÚMERO DE CONTROL
campo de control ES-MaACL
005 - FECHA Y HORA DE LA ÚLTIMA TRANSACCIÓN
campo de control 20230906213741.0
008 - DATOS DE LONGITUD FIJA--INFORMACIÓN GENERAL
campo de control de longitud fija 080312s1863 sp |||| | spa d
245 00 - MENCIÓN DEL TÍTULO
Título Instrucción para los alumnos de las facultades de medicina que aspiren a las plazas pensionadas por el Ministerio de Marina de que trata la real orden de esta fecha.
260 ## - PUBLICACIÓN, DISTRIBUCIÓN, ETC.
Lugar de publicación, distribución, etc. Madrid :
Nombre del editor, distribuidor, etc. [s.n.],
Fecha de publicación, distribución, etc. 1863 (
Fabricante Imprenta Real)
300 ## - DESCRIPCIÓN FÍSICA
Extensión 10 p. ;
Dimensiones 16 cm.
852 ## - LOCALIZACIÓN
Ubicación ES-MaACL
Número de control de estantería T-411-F-10
Nota libre .- En port:: Sello de "Los Escolares Médicos" y firma de Gustavo Saenz Díez
Holdings
Estatus retirado Estado de pérdida Estado de daño No para préstamo Colección Biblioteca de origen Biblioteca actual Ubicación en estantería Fecha de adquisición Fuente de adquisición Total de préstamos Signatura topográfica completa Código de barras Visto por última vez Precio de reemplazo Tipo de ítem Koha
        Colección de folletos Biblioteca del Ateneo de Madrid Biblioteca del Ateneo de Madrid Depósito folletos 12/03/2008     T-411-F-10 1176620 23/02/2023 23/02/2023 Folleto